Analýza kultúrnej úrovne sociálno-triednych skupín SSR

Saved in:
Bibliographic Details
Main Author: Karásek, Jozef
Format: Book
Language:Slovak
Published: Bratislava Výskumný ústav kultúry 1985
Edition:1. vyd.
Tags: Add Tag
No Tags, Be the first to tag this record!

MARC

LEADER 00000nam a2200000 4500
001 c025876
005 20221220075040.7
041 0 |a slo 
044 |a SK 
245 1 0 |a Analýza kultúrnej úrovne sociálno-triednych skupín SSR  |c Jozef Karásek 
250 |a 1. vyd. 
264 1 |a Bratislava  |b Výskumný ústav kultúry  |c 1985 
300 |a 207 s. 
100 1 |a Karásek, Jozef